书目信息 |
| 题名: |
民间文学基本知识
|
|
| 作者: | 张紫晨 著 | |
| 分册: | ||
| 出版信息: | 上海 上海文艺出版社 1979 |
|
| 页数: | 258页 | |
| 开本: | 19cm | |
| 丛书名: | ||
| 单 册: | ||
| 中图分类: | I057 | |
| 科图分类: | ||
| 主题词: | 民间文学--基本知识 | |
| 电子资源: | ||
| ISBN: | ||
| 000 | 00580nam0 2200217 45 | |
| 001 | 0179001665 | |
| 005 | 20060912082027.06 | |
| 010 | @dCNY0.65 | |
| 091 | @aCN@b10078.3098 | |
| 100 | @a19950718d1979 em y0chiy0121 ea | |
| 101 | 0 | @achi |
| 102 | @aCN@b310000 | |
| 105 | @ay z 000zy | |
| 200 | 10 | @a民间文学基本知识@Amin jian wen xue ji ben zhi shi@f张紫晨著 |
| 210 | @a上海@c上海文艺出版社@d1979 | |
| 215 | @a258页@d19cm | |
| 606 | @a民间文学@x基本知识 | |
| 690 | @aI057@v3 | |
| 701 | 0 | @a张紫晨@Azhang zi chen@4著 |
| 801 | 0 | @aCN@bTSSF@c20060912 |
| 905 | @a10447@dI057@e139 | |
| 民间文学基本知识/张紫晨著.-上海:上海文艺出版社,1979 |
| 258页;19cm |
| ISBN :CNY0.65 |
| ● |
| 相关链接 |
|
|
|
|
正题名:民间文学基本知识
索取号:I057/139
 
预约/预借
| 序号 | 登录号 | 条形码 | 馆藏地/架位号 | 状态 | 备注 |
| 1 | 0428541 | 204285415 | 密集书库/ [索取号:I057/139] | 在馆 | |
| 2 | 0472127 | 204721275 | 密集书库/ [索取号:I057/139] | 在馆 |